000 nam a22 7a 4500
999 _c233349
_d233349
003 Nust
005 20170307104425.0
008 170307b xxu||||| |||| 00| 0 eng d
040 _c0
050 _a363.7 NIS
082 _a363.7 NIS
100 _aZaib-Un-Nisa
245 _aToxicity Of Titanium Dioxide Nanoparticles (TiO2) In Ctenopharyngodon Idella
_cZaib-Un-Nisa
260 _aIslamabad
_bIESE (SCEE) NUST
_c2016.
300 _a52 p.
_bHB.
440 _aMS Environmental Science
500 _aThesis MS ES
650 _aEnvironmental Science
700 _4Dr. Imran Hashmi (Supervisor)
942 _2ddc
_cTHE
_kIESE